Searching for new american schools (Record no. 76684)

MARC details
000 -CABECERA
campo de control de longitud fija 00588nam a2200229 a 4500
005 - FECHA Y HORA DE LA ÚLTIMA TRANSACCIÓN
campo de control 20210219153431.0
008 - ELEMENTOS DE LONGITUD FIJA--INFORMACIÓN GENERAL
campo de control de longitud fija 991125n 000 0 u
035 ## - NÚMERO DE CONTROL DEL SISTEMA
Número de control de sistema UPN01000099122
100 ## - ASIENTO PRINCIPAL--NOMBRE PERSONAL
Nombre de persona Sherry, Mark
222 ## - TÍTULO CLAVE
Título clave PHI DELTA KAPPAN
245 ## - MENCIÓN DE TÍTULO
Título Searching for new american schools
300 ## - DESCRIPCIÓN FÍSICA
Extensión 299-302
362 ## - FECHAS DE PUBLICACIÓN Y/O DESIGNACIÓN SECUENCIAL
Fecha de publicación y/o designación secuencial 74, No. 4, 1992
505 ## - NOTA DE CONTENIDO CON FORMATO PREESTABLECIDO
Nota de contenido con formato Mayo 1993
653 0# - TERMINO DE INDIZACION - NO CONTROLADO
Término no controlado CAMBIO EDUCATIVO
653 0# - TERMINO DE INDIZACION - NO CONTROLADO
Término no controlado CRITERIOS DE EVALUACION
653 0# - TERMINO DE INDIZACION - NO CONTROLADO
Término no controlado DISE\197O DE PROGRAMAS
653 0# - TERMINO DE INDIZACION - NO CONTROLADO
Término no controlado INFLUENCIAS POLITICAS
653 0# - TERMINO DE INDIZACION - NO CONTROLADO
Término no controlado NORMAS
904 ## - ELEMENTOS DE DATOS D LOCAL, LDD (RLIN)
a AC
b 036933
905 ## - TIPO DE MATERIAL
Tipo de material Articulo

No items available.